Competitiveness and cooperativeness of secondary school students / (Record no. 318655)

MARC details
000 -LEADER
fixed length control field 01957nam a2200505 a 4500
001 - CONTROL NUMBER
control field vtls000358524
003 - CONTROL NUMBER IDENTIFIER
control field NLI
005 - DATE AND TIME OF LATEST TRANSACTION
control field 20210602172446.0
008 - FIXED-LENGTH DATA ELEMENTS--GENERAL INFORMATION
fixed length control field 110113s2009 ii e 001 0 eng d
020 ## - INTERNATIONAL STANDARD BOOK NUMBER
International Standard Book Number 9788183161411 (pbk.)
Terms of availability Rs. 150.00
020 ## - INTERNATIONAL STANDARD BOOK NUMBER
International Standard Book Number 9788183161510
Terms of availability Rs.250.00(c.3)
039 #9 - LEVEL OF BIBLIOGRAPHIC CONTROL AND CODING DETAIL [OBSOLETE]
Level of rules in bibliographic description 201902251354
Level of effort used to assign nonsubject heading access points supriyas
Level of effort used to assign subject headings 201902131235
Level of effort used to assign classification goutamg
Level of effort used to assign subject headings 201902121146
Level of effort used to assign classification pallabp
-- 201101132102
-- VLOAD
040 ## - CATALOGING SOURCE
Original cataloging agency NLI :
Language of cataloging eng
Transcribing agency NLMARC21
041 0# - LANGUAGE CODE
Language code of text/sound track or separate title eng
044 ## - COUNTRY OF PUBLISHING/PRODUCING ENTITY CODE
MARC country code ii
082 04 - DEWEY DECIMAL CLASSIFICATION NUMBER
Classification number 373.28
Edition number 22
100 1# - MAIN ENTRY--PERSONAL NAME
Personal name Vanja, M.
9 (RLIN) 534569
245 10 - TITLE STATEMENT
Title Competitiveness and cooperativeness of secondary school students /
Statement of responsibility, etc. M. Vanja, Anbu Selvi
260 ## - PUBLICATION, DISTRIBUTION, ETC.
Place of publication, distribution, etc. New Delhi :
Name of publisher, distributor, etc. Neelkamal Pubs.,
Date of publication, distribution, etc. 2009
300 ## - PHYSICAL DESCRIPTION
Extent viii, 120 p.;
Dimensions 22 cm.
500 ## - GENERAL NOTE
General note Includes index
504 ## - BIBLIOGRAPHY, ETC. NOTE
Bibliography, etc. note Bibliographical references: p. 112-116
650 #0 - SUBJECT ADDED ENTRY--TOPICAL TERM
Topical term or geographic name entry element Education, Secondary
Geographic subdivision India
9 (RLIN) 201261
650 #0 - SUBJECT ADDED ENTRY--TOPICAL TERM
Topical term or geographic name entry element Education, Cooperative
General subdivision Study and teaching (Secondary)
9 (RLIN) 534570
650 #0 - SUBJECT ADDED ENTRY--TOPICAL TERM
Topical term or geographic name entry element High school students
Geographic subdivision India
9 (RLIN) 534571
650 #0 - SUBJECT ADDED ENTRY--TOPICAL TERM
Topical term or geographic name entry element High school students
Geographic subdivision India
General subdivision Attitude
9 (RLIN) 534572
650 #0 - SUBJECT ADDED ENTRY--TOPICAL TERM
Topical term or geographic name entry element Cooperativeness
Geographic subdivision India
General subdivision Study and teaching (Secondary)
9 (RLIN) 534573
650 #0 - SUBJECT ADDED ENTRY--TOPICAL TERM
Topical term or geographic name entry element Competition (Psychology)
General subdivision Study and teaching (Secondary)
9 (RLIN) 534574
700 ## - ADDED ENTRY--PERSONAL NAME
Personal name Selvi, Anbu
9 (RLIN) 534575
887 ## - NON-MARC INFORMATION FIELD
Content of non-MARC field prasenjit Sanni
901 ## - LOCAL DATA ELEMENT A, LDA (RLIN)
a DB120542
b 15.9.10
901 ## - LOCAL DATA ELEMENT A, LDA (RLIN)
a DB162182 (cop.2) :
b 28.07.2016
901 ## - LOCAL DATA ELEMENT A, LDA (RLIN)
a DB162099(cop.3) :
b 21.07.2016
902 ## - LOCAL DATA ELEMENT B, LDB (RLIN)
a E 373.28 V 319
904 ## - LOCAL DATA ELEMENT D, LDD (RLIN)
a prasenjit
904 ## - LOCAL DATA ELEMENT D, LDD (RLIN)
a Pallab Paul
904 ## - LOCAL DATA ELEMENT D, LDD (RLIN)
a Goutam Goswami
905 ## - LOCAL DATA ELEMENT E, LDE (RLIN)
a Sanni
942 ## - ADDED ENTRY ELEMENTS (KOHA)
Source of classification or shelving scheme Dewey Decimal Classification
Koha item type Books
949 ## - LOCAL PROCESSING INFORMATION (OCLC)
-- VIRTUAITEM
-- 10000
-- 2
-- 100
6 DBA000162182ENG
e DB162182
949 ## - LOCAL PROCESSING INFORMATION (OCLC)
-- VIRTUAITEM
-- 10000
-- 3
-- 100
6 DBA000162099ENG
949 ## - LOCAL PROCESSING INFORMATION (OCLC)
-- VIRTUAITEM
-- 10000
-- 100
6 DBA000120542ENG
Holdings
Withdrawn status Lost status Damaged status Not for loan Collection code Home library Current library Shelving location Date acquired Total Checkouts Full call number Barcode Date last seen Price effective from Koha item type
        New English National Library of India National Library of India New English - Main Stack Division     E 373.28 V 319 DBA000162182ENG 02/06/2021 02/06/2021 Books
        New English National Library of India National Library of India New English - Main Stack Division     E 373.28 V 319 DBA000162099ENG 02/06/2021 02/06/2021 Books
        New English National Library of India National Library of India New English - Main Stack Division     E 373.28 V 319 DBA000120542ENG 02/06/2021 02/06/2021 Books
                                                                           
web counter

Copyright ©2020 The National Library of India, Govt. of India ↔ Hosted by NVLI, MOC ↔ Technology and Design by National Library of India, Ministry of Culture, Govt. of India